000 00286nam a22001337a 4500
008 171201b xxu||||| |||| 00| 0 eng d
020 _a2900023150622
041 _aeng
080 _a37
100 _a46
101 _aEDU
245 _aCAREER EDUCATION
_cBROLIN, D.E
942 _2udc
_cBK
999 _c38671
_d38671